| 000 | 00698nam a2200205 a 4500 | ||
|---|---|---|---|
| 005 | 20240215063708.0 | ||
| 008 | 991125s1994 es 000 0 spa u | ||
| 020 | _a8447703797 | ||
| 035 | _aUPN01000032740 | ||
| 049 | _aCG | ||
| 050 | 4 |
_aH62 _bB3.4 |
|
| 100 | 1 | _aBalcells i Junyent, Josep | |
| 245 | 1 | 3 |
_aLa investigación social : _bintroducción a los métodos y las técnicas / _cJosep Balcells i Junyent. |
| 260 |
_aBarcelona, Esp. : _bEscuela Superior de Relaciones Públicas, _c1994. |
||
| 300 | _a405 p. | ||
| 440 | 0 |
_aComunicación y relaciones públicas ; _v19 |
|
| 650 | 4 |
_aCiencias sociales _xInvestigación _97497 |
|
| 650 | 4 |
_aCiencias sociales _xMetodología _96208 |
|
| 905 | _aLibro | ||
| 999 |
_c32740 _d32740 |
||